[Event "Int. Stuttgarter Stadtmeisterschaft A"]
[Site "Ditzingen"]
[Date "2014.05.29"]
[Round "2.6"]
[White "Bergauz, Noam"]
[Black "Schr�der, Jan-Christian"]
[Result "1/2-1/2"]
[WhiteElo "2147"]
[BlackElo "2374"]
[PlyCount "86"]
[EventDate "2014.??.??"]
[WhiteTeam "SK M�nchen S�dost e.V."]
[BlackTeam "SV 1920 Hofheim"]

1. e4 e5 2. Nf3 Nc6 3. d4 exd4 4. Nxd4 Bb4+ 5. c3 Bc5 6. Be3 Bb6 7. Nf5 Bxe3 8.
Nxe3 d6 9. c4 Nge7 10. Nc3 O-O 11. Bd3 Be6 12. O-O Kh8 13. Ncd5 f5 14. Nf4 Bd7
15. exf5 Nxf5 16. Qh5 Qh4 17. Ned5 Qxh5 18. Nxh5 Rac8 19. b3 Nfe7 20. Nxe7 Nxe7
21. Rfe1 Nc6 22. Be4 g6 23. Ng3 Rce8 24. f3 Kg7 25. Ne2 Bf5 26. Bxf5 Rxf5 27.
Nc3 Rxe1+ 28. Rxe1 Re5 29. Rxe5 dxe5 30. Nd5 Kf7 31. Nxc7 Nb4 32. a3 Nc2 33.
Nb5 Ke7 34. Nxa7 Nxa3 35. c5 Nc2 36. c6 bxc6 37. Nxc6+ Kd6 38. Na5 Kd5 39. Nc4
e4 40. fxe4+ Kxe4 41. Kf2 h5 42. Nd2+ Kf4 43. Nf3 g5 1/2-1/2

[Event "Int. Stuttgarter Stadtmeisterschaft A"]
[Site "Ditzingen"]
[Date "2014.05.29"]
[Round "2.7"]
[White "Gheng, Josef"]
[Black "Schmidt, Olaf"]
[Result "1/2-1/2"]
[WhiteElo "2327"]
[BlackElo "2139"]
[PlyCount "70"]
[EventDate "2014.??.??"]
[WhiteTeam "SC Erdmannhausen"]
[BlackTeam "SC B�blingen 1975 e.V."]

1. c4 c5 2. Nf3 Nf6 3. g3 b6 4. Bg2 Bb7 5. Nc3 e6 6. O-O Be7 7. d3 O-O 8. e4 d6
9. Re1 a6 10. a3 Qc7 11. Rb1 Nbd7 12. Nd2 Ne5 13. Nf1 Bc6 14. f4 Ng6 15. b4
cxb4 16. axb4 b5 17. Ne3 Qb7 18. f5 Ne5 19. cxb5 Bxb5 20. Nxb5 Qxb5 21. d4 Nc4
22. fxe6 fxe6 23. Bh3 Nxe3 24. Bxe6+ Kh8 25. Rxe3 d5 26. exd5 a5 27. Bd2 axb4
28. Qe1 Ra4 29. Reb3 Qb6 30. Qe3 Bd6 31. Qd3 Rb8 32. Be3 Qa5 33. Qc4 Ra3 34.
Rxa3 Qxa3 35. Qb3 Ne4 1/2-1/2

[Event "Int. Stuttgarter Stadtmeisterschaft A"]
[Site "Ditzingen"]
[Date "2014.05.29"]
[Round "2.8"]
[White "Br�unlin, Klaus"]
[Black "Neyman, Igor"]
[Result "0-1"]
[WhiteElo "2145"]
[BlackElo "2311"]
[PlyCount "56"]
[EventDate "2014.??.??"]
[WhiteTeam "TG Biberach"]
[BlackTeam "Stuttgarter SF 1879"]

1. e4 c5 2. Nf3 Nc6 3. Bb5 g6 4. O-O Bg7 5. Re1 Nh6 6. c3 O-O 7. h3 d6 8. Bf1
f6 9. d4 cxd4 10. Nxd4 Kh8 11. Be3 Nf7 12. Na3 Bd7 13. Qd2 a6 14. Bc4 Qc8 15.
Bf1 Qc7 16. Nac2 Nfe5 17. b3 Rab8 18. Rec1 Nf7 19. a4 e5 20. Ne2 f5 21. f3 Be6
22. Rab1 Qe7 23. c4 fxe4 24. fxe4 Qh4 25. Nc3 Bh6 26. Re1 Ng5 27. Re2 Bxh3 28.
gxh3 Nf3+ 0-1

[Event "Int. Stuttgarter Stadtmeisterschaft A"]
[Site "Ditzingen"]
[Date "2014.05.29"]
[Round "2.9"]
[White "Raupp, Thomas"]
[Black "Weber, Klaus"]
[Result "1-0"]
[WhiteElo "2310"]
[BlackElo "2117"]
[PlyCount "81"]
[EventDate "2014.??.??"]
[WhiteTeam "SC Eppingen"]
[BlackTeam "SV T�bingen 1870 e.V."]

1. d4 c6 2. c4 Nf6 3. Nc3 d5 4. e3 a6 5. Qc2 e6 6. Nf3 Bb4 7. Bd2 Nbd7 8. Bd3
dxc4 9. Bxc4 c5 10. a3 Bxc3 11. Bxc3 cxd4 12. Bxd4 Qc7 13. Rc1 b5 14. Bxe6 Qxc2
15. Bxd7+ Nxd7 16. Rxc2 Bb7 17. Ke2 Bd5 18. Nd2 f5 19. f3 O-O 20. Rc7 Rf7 21.
Rhc1 Re8 22. Ra7 Ne5 23. Rxa6 Bc4+ 24. Nxc4 Nxc4 25. Kf2 Rd7 26. b3 Nd2 27.
Rcc6 f4 28. Ra7 Rxa7 29. Bxa7 Nb1 30. Rc7 Nd2 31. b4 fxe3+ 32. Bxe3 Nc4 33. Bd4
Rd8 34. Rxg7+ Kf8 35. Rg4 Nxa3 36. Bc5+ Kf7 37. Rd4 Rxd4 38. Bxd4 Nc2 39. Bc3
Ke6 40. Ke2 Kd5 41. Kd3 1-0

[Event "Int. Stuttgarter Stadtmeisterschaft A"]
[Site "Ditzingen"]
[Date "2014.05.29"]
[Round "2.10"]
[White "Bluma, Marcel"]
[Black "Dudek, Richard"]
[Result "1-0"]
[WhiteElo "2100"]
[BlackElo "2262"]
[PlyCount "77"]
[EventDate "2014.??.??"]
[WhiteTeam "SC Ingersheim e.V."]
[BlackTeam "SC Eppingen"]

1. e4 c6 2. d4 d5 3. exd5 cxd5 4. Nf3 Nc6 5. c3 Bg4 6. Bd3 e6 7. Bf4 Bd6 8.
Bxd6 Qxd6 9. Nbd2 Nf6 10. O-O O-O 11. Qc2 Rfc8 12. a3 Rab8 13. Rae1 b5 14. Qb1
a5 15. Ne5 b4 16. axb4 axb4 17. cxb4 Qxb4 18. Nxg4 Qxd2 19. Nxf6+ gxf6 20. Re2
Qh6 21. Ba6 Nxd4 22. Re3 Rc2 23. b4 Qf4 24. Bd3 Rd2 25. Bxh7+ Kg7 26. Rg3+ Kh8
27. Rh3 Ne2+ 28. Kh1 Kg7 29. Bd3 Rxb4 30. Qa1 Ra4 31. Qb1 Qb4 32. Qe1 Nf4 33.
Rg3+ Kf8 34. Qc1 Ra8 35. Bh7 Ng6 36. Bxg6 fxg6 37. Rh3 Re8 38. Rh8+ Kf7 39.
Rh7+ 1-0

[Event "Int. Stuttgarter Stadtmeisterschaft A"]
[Site "Ditzingen"]
[Date "2014.05.29"]
[Round "2.11"]
[White "Kabisch, Thilo"]
[Black "Hoeschele, Hans-Ulrich"]
[Result "1-0"]
[WhiteElo "2261"]
[BlackElo "2095"]
[PlyCount "75"]
[EventDate "2014.??.??"]
[WhiteTeam "SK Schmiden/Cannstatt"]
[BlackTeam "Stuttgarter SF 1879"]

1. e4 c5 2. Nf3 d6 3. d4 cxd4 4. Nxd4 Nf6 5. Nc3 Nc6 6. Bc4 e6 7. a3 a6 8. Ba2
Be7 9. O-O Qb6 10. Be3 Nxd4 11. Bxd4 Qc6 12. Qd3 O-O 13. Rad1 e5 14. Be3 Bg4
15. f3 Be6 16. Nd5 Bxd5 17. exd5 Qc7 18. c4 Nd7 19. b4 b6 20. Rf2 f5 21. Rc2 f4
22. Bf2 Kh8 23. c5 bxc5 24. bxc5 Rfb8 25. c6 Nf6 26. Bc4 e4 27. fxe4 Ng4 28.
Rf1 Bf6 29. Kh1 Nxf2+ 30. Rcxf2 Be5 31. Bxa6 Rf8 32. Bb7 Ra4 33. g3 g5 34. gxf4
gxf4 35. Rg2 Qa5 36. Rf3 Rd4 37. Qe2 Qa4 38. Rg1 1-0

[Event "Int. Stuttgarter Stadtmeisterschaft A"]
[Site "Ditzingen"]
[Date "2014.05.29"]
[Round "2.12"]
[White "Jerie, Sven"]
[Black "Bodrozic, Tomislav"]
[Result "0-1"]
[WhiteElo "2091"]
[BlackElo "2258"]
[PlyCount "144"]
[EventDate "2014.??.??"]
[WhiteTeam "SG Ludwigsburg 1919"]
[BlackTeam "SF Birkenfeld"]

1. e4 c5 2. Nf3 d6 3. d4 cxd4 4. Nxd4 Nf6 5. Nc3 a6 6. Be3 e5 7. Nb3 Be6 8. f3
h5 9. Qd2 Nbd7 10. O-O-O Qc7 11. Kb1 Rc8 12. Nd5 Bxd5 13. exd5 g6 14. c4 b6 15.
Bd3 Bg7 16. Rc1 a5 17. Qe2 Bh6 18. Bxh6 Rxh6 19. h4 Kf8 20. g4 e4 21. Bxe4 hxg4
22. fxg4 Re8 23. Qd2 Rh8 24. Bf3 Ne5 25. Be2 Nexg4 26. Bxg4 Nxg4 27. Qf4 Ne5
28. Nd4 Ke7 29. Rhf1 Kd8 30. Nb5 Qc5 31. Qf6+ Kd7 32. Rce1 Rhf8 33. h5 Nxc4 34.
hxg6 Nd2+ 35. Ka1 Nxf1 36. Qf5+ Kd8 37. Qf6+ Kc8 38. Nxd6+ Qxd6 39. Rc1+ Kd7
40. Qf5+ Ke7 41. Rc6 Ne3 42. Qe4+ Kd7 43. Rxd6+ Kxd6 44. Qf4+ Kxd5 45. g7 Rg8
46. Qxf7+ Kd6 47. Qf6+ Kc5 48. a3 Nd5 49. Qf7 Kd6 50. Ka2 Nc7 51. Qf4+ Kd7 52.
Qd4+ Kc6 53. Qc4+ Kb7 54. Qf7 Kc6 55. Qc4+ Kb7 56. Qf7 a4 57. Qd7 b5 58. Qf7
Kc6 59. Qf3+ Nd5 60. Kb1 Re7 61. Qf5 Rgxg7 62. Qc8+ Nc7 63. Qf5 Rg1+ 64. Kc2
Rge1 65. Qf3+ R1e4 66. Kd3 Nd5 67. Qxe4 Rxe4 68. Kxe4 Kc5 69. Kd3 Nb6 70. Kc3
Nc4 71. b4+ Kd5 72. Kd3 Nxa3 0-1

[Event "Int. Stuttgarter Stadtmeisterschaft A"]
[Site "Ditzingen"]
[Date "2014.05.29"]
[Round "2.13"]
[White "Gabriel, Josef"]
[Black "Koop, Thorben"]
[Result "1/2-1/2"]
[WhiteElo "2072"]
[BlackElo "2254"]
[PlyCount "112"]
[EventDate "2014.??.??"]
[WhiteTeam "Stuttgarter SF 1879"]
[BlackTeam "SV Lingen"]

1. e4 c5 2. Nf3 Nc6 3. d3 g6 4. g3 Bg7 5. Bg2 d6 6. O-O Nf6 7. Re1 O-O 8. c3
Bg4 9. Nbd2 Qd7 10. Qe2 Rab8 11. Qf1 b5 12. h3 Bxf3 13. Nxf3 b4 14. d4 bxc3 15.
bxc3 cxd4 16. cxd4 Nb4 17. Re2 d5 18. e5 Ne4 19. Bf4 e6 20. Ne1 Qa4 21. Bd2 Nc6
22. Bxe4 dxe4 23. Rxe4 Rfd8 24. Nf3 Nxd4 25. Nxd4 Rxd4 26. Rxd4 Qxd4 27. Be3
Qe4 28. Re1 Qa4 29. Qe2 a6 30. Bf4 h6 31. h4 Rb5 32. Rc1 Qa5 33. Qc4 Rb2 34. a4
Rb8 35. Qe4 Kh7 36. h5 Qb4 37. hxg6+ fxg6 38. Qc6 Qb6 39. Be3 Qa5 40. Qxe6 Qxe5
41. Qxa6 Qe4 42. Qc6 Qb4 43. Kg2 h5 44. Rc4 Qe1 45. Qc7 Rb1 46. Rc1 Rxc1 47.
Qxc1 Qb4 48. Qc6 h4 49. Qd7 Qe4+ 50. Kh2 hxg3+ 51. Kxg3 Kg8 52. Qd8+ Kf7 53.
Qd7+ Kg8 54. Bf4 Qe1 55. Qd5+ Kh7 56. a5 Qb4 1/2-1/2

[Event "Int. Stuttgarter Stadtmeisterschaft A"]
[Site "Ditzingen"]
[Date "2014.05.29"]
[Round "2.14"]
[White "Ivanov, Stojan Emilov"]
[Black "Scheeff, Volker"]
[Result "1-0"]
[WhiteElo "2244"]
[BlackElo "2098"]
[PlyCount "95"]
[EventDate "2014.??.??"]
[BlackTeam "SK Schmiden/Cannstatt"]

1. d4 d5 2. f4 Nf6 3. Nf3 c5 4. e3 Nc6 5. c3 e6 6. Bd3 Be7 7. O-O O-O 8. Nbd2
c4 9. Bb1 b5 10. Ne5 Qb6 11. a3 a5 12. Qf3 Ra6 13. Qh3 b4 14. Ndf3 Nxe5 15.
fxe5 Ne4 16. Nd2 f5 17. exf6 Nxf6 18. Rxf6 Bxf6 19. Bxh7+ Kf7 20. Nf3 Qd6 21.
Bd2 Ke7 22. cxb4 axb4 23. Bxb4 Qxb4 24. axb4 Rxa1+ 25. Kf2 Bd7 26. Kg3 Rh8 27.
Ne5 Be8 28. Kf3 Ra2 29. Ng4 Rxb2 30. Nxf6 gxf6 31. Qh6 Bf7 32. Qg7 Rf8 33. g4
Rxb4 34. h4 c3 35. g5 fxg5 36. hxg5 Ke8 37. Kg3 Rc4 38. Bc2 Rg8 39. Qf6 Kf8 40.
Qd8+ Kg7 41. Qf6+ Kf8 42. Kf4 Rc8 43. Ke5 Rg7 44. g6 Re8 45. Kd6 Kg8 46. gxf7+
Rxf7 47. Bh7+ Kf8 48. Qh8# 1-0

[Event "Int. Stuttgarter Stadtmeisterschaft A"]
[Site "Ditzingen"]
[Date "2014.05.29"]
[Round "2.15"]
[White "Ludwig, Sebastian"]
[Black "Piskur, Mitja"]
[Result "0-1"]
[WhiteElo "2051"]
[BlackElo "2239"]
[PlyCount "89"]
[EventDate "2014.??.??"]
[WhiteTeam "SV Stuttgart-Wolfbusch 1956 e.V."]

1. c3 d5 2. d4 Nd7 3. Nf3 e6 4. e3 Bd6 5. Nbd2 f5 6. b3 Ngf6 7. Bb2 O-O 8. h3
Ne4 9. Bd3 e5 10. c4 Nxd2 11. Nxd2 e4 12. Be2 c6 13. g3 Nf6 14. Qc2 Be6 15. c5
Be7 16. b4 b6 17. Nb3 Nd7 18. Bc3 g5 19. Bd2 Qc7 20. cxb6 axb6 21. b5 Rfc8 22.
Rc1 c5 23. dxc5 bxc5 24. Nd4 Qd6 25. Nxe6 Qxe6 26. a4 Bd8 27. g4 Ne5 28. Rg1 f4
29. exf4 gxf4 30. Kf1 f3 31. Bd1 Nd3 32. Ra1 Qf6 33. Ra3 c4 34. g5 Qe6 35. Rg3
Ba5 36. g6 hxg6 37. Bxa5 Rxa5 38. Qd2 Ra7 39. a5 Rh7 40. Qg5 Rxh3 41. Qxg6+
Qxg6 42. Rxg6+ Kf7 43. Rg1 c3 44. Bc2 Rh2 45. Bxd3 0-1

[Event "Int. Stuttgarter Stadtmeisterschaft A"]
[Site "Ditzingen"]
[Date "2014.05.29"]
[Round "2.16"]
[White "Perske, Thore"]
[Black "Koch, Martin"]
[Result "1-0"]
[WhiteElo "2219"]
[BlackElo "2066"]
[PlyCount "91"]
[EventDate "2014.??.??"]
[WhiteTeam "Sfr.Heidesheim"]
[BlackTeam "SC Schachmatt Botnang"]

1. e4 c5 2. Nf3 e6 3. d4 cxd4 4. Nxd4 Nf6 5. Nc3 d6 6. Be2 Be7 7. O-O a6 8. a4
Qc7 9. f4 O-O 10. Be3 Nc6 11. Kh1 Bd7 12. Qe1 Na5 13. Rd1 Nc4 14. Bc1 Rfc8 15.
Qg3 b5 16. axb5 axb5 17. b3 Ne3 18. Bxe3 Qxc3 19. Bd3 e5 20. fxe5 dxe5 21. Nf5
Bxf5 22. Rxf5 Ra1 23. Rxa1 Qxa1+ 24. Rf1 Qc3 25. Bh6 Ne8 26. Qf3 f6 27. Bc1 Qc6
28. Qe2 b4 29. Bd2 Rb8 30. Bc4+ Kh8 31. Qd3 Bc5 32. Bd5 Qb6 33. Qh3 Nd6 34. Ra1
Nb5 35. Ra4 Nd4 36. Qd3 h6 37. g3 Qb5 38. Qxb5 Rxb5 39. Ra2 Nf3 40. c4 bxc3 41.
Bxc3 Bb4 42. Kg2 Bxc3 43. Kxf3 f5 44. Ra8+ Kh7 45. Bg8+ Kg6 46. Ra6+ 1-0

[Event "Int. Stuttgarter Stadtmeisterschaft A"]
[Site "Ditzingen"]
[Date "2014.05.29"]
[Round "2.17"]
[White "Zeller, Elisa"]
[Black "Baskin, Robert"]
[Result "1/2-1/2"]
[WhiteElo "1921"]
[BlackElo "2205"]
[PlyCount "82"]
[EventDate "2014.??.??"]
[WhiteTeam "SF 1876 Göppingen"]
[BlackTeam "SAbt TuS Makkabi Ffm"]

1. e4 c5 2. Nf3 d6 3. d4 cxd4 4. Nxd4 Nf6 5. Nc3 a6 6. Be2 e5 7. Nb3 Be7 8. O-O
O-O 9. Be3 Be6 10. Kh1 Nbd7 11. f4 exf4 12. Bxf4 Ne5 13. Nd4 g6 14. Nf3 Qc7 15.
Nxe5 dxe5 16. Bg5 Rfd8 17. Qc1 Ne8 18. Bxe7 Qxe7 19. Qe3 Rd4 20. Qg3 f6 21.
Rad1 Qc5 22. Bd3 Rad8 23. h4 Qe7 24. Rd2 Ng7 25. Qf2 f5 26. g3 Nh5 27. exf5
gxf5 28. Qf3 Nf6 29. Qe3 e4 30. Qg5+ Kh8 31. Nxe4 fxe4 32. Rxf6 exd3 33. c3 Rg4
34. Rxe6 Rxg5 35. Rxe7 Rxg3 36. Rxb7 Rh3+ 37. Kg2 Rxh4 38. Re7 Rh6 39. Re3 Rhd6
40. Kf2 Kg7 41. Ke1 Rb6 1/2-1/2

[Event "Int. Stuttgarter Stadtmeisterschaft A"]
[Site "Ditzingen"]
[Date "2014.05.29"]
[Round "2.18"]
[White "Aring, Gerd"]
[Black "Cummings, Orlyn"]
[Result "1-0"]
[WhiteElo "2198"]
[BlackElo "1873"]
[PlyCount "63"]
[EventDate "2014.??.??"]
[WhiteTeam "SV N�rtingen 1920"]
[BlackTeam "SC Ingersheim e.V."]

1. d4 f5 2. c4 Nf6 3. g3 g6 4. Bg2 Bg7 5. Nf3 O-O 6. O-O d6 7. Nc3 Qe8 8. b3 c6
9. Ba3 Bd7 10. Qd3 Na6 11. Rad1 Nc7 12. Rfe1 Rb8 13. e4 fxe4 14. Nxe4 Nxe4 15.
Qxe4 Bf6 16. Bc1 Bf5 17. Qe2 Qd7 18. Bh6 Rfe8 19. Qd2 b5 20. cxb5 Rxb5 21. Bg5
Nd5 22. Rc1 Kg7 23. Nh4 Bxg5 24. Qxg5 Bh3 25. Bxh3 Qxh3 26. Rxc6 Qd7 27. a4
Qxc6 28. axb5 Qc3 29. Re6 Nf6 30. d5 Qxb3 31. Nf5+ Kh8 32. Qxf6+ 1-0

[Event "Int. Stuttgarter Stadtmeisterschaft A"]
[Site "Ditzingen"]
[Date "2014.05.29"]
[Round "2.19"]
[White "Schwarz, Larissa"]
[Black "Sokratov, Stanislav"]
[Result "1-0"]
[WhiteElo "1896"]
[BlackElo "2194"]
[PlyCount "65"]
[EventDate "2014.??.??"]
[WhiteTeam "TSV Schott Mainz"]
[BlackTeam "SC Erdmannhausen"]

1. e4 c6 2. d4 d5 3. Nc3 dxe4 4. Nxe4 Bf5 5. Ng3 Bg6 6. h4 h6 7. Nf3 Nd7 8. h5
Bh7 9. Bd3 Bxd3 10. Qxd3 e6 11. Bd2 Ngf6 12. O-O-O Be7 13. c4 b5 14. cxb5 cxb5
15. Qxb5 O-O 16. Kb1 Qc7 17. Rc1 Qd6 18. Rc6 Rfb8 19. Qa6 Qd5 20. Rhc1 Nxh5 21.
Nxh5 Qxh5 22. Rc7 Qf5+ 23. Ka1 Rd8 24. Qc6 e5 25. dxe5 Nxe5 26. Nxe5 Qxe5 27.
Bc3 Qe2 28. Qb7 Bf6 29. Bxf6 gxf6 30. Rxf7 Qg4 31. Rxf6 Qg7 32. Qb3+ Kh8 33.
Rcc6 1-0

[Event "Int. Stuttgarter Stadtmeisterschaft A"]
[Site "Ditzingen"]
[Date "2014.05.29"]
[Round "2.20"]
[White "Kvetny, Mark"]
[Black "Gheng, Simona"]
[Result "1-0"]
[WhiteElo "2257"]
[BlackElo "1988"]
[PlyCount "43"]
[EventDate "2014.??.??"]
[WhiteTeam "Stuttgarter SF 1879"]
[BlackTeam "TSV Sch�naich"]

1. d4 d5 2. c4 e6 3. Nc3 Nf6 4. cxd5 Nxd5 5. e4 Nxc3 6. bxc3 c5 7. a3 cxd4 8.
cxd4 Nc6 9. Nf3 Be7 10. Bd3 O-O 11. Bb2 Qa5+ 12. Kf1 Rd8 13. h4 b5 14. d5 Nb8
15. Ng5 exd5 16. Qh5 Bxg5 17. hxg5 d4 18. Qxh7+ Kf8 19. Qh8+ Ke7 20. Qxg7 Rd6
21. e5 Rb6 22. g6 1-0

[Event "Int. Stuttgarter Stadtmeisterschaft A"]
[Site "Ditzingen"]
[Date "2014.05.29"]
[Round "2.21"]
[White "Lorscheid, Gerhard"]
[Black "Weißbeck, Simon"]
[Result "1-0"]
[WhiteElo "2252"]
[BlackElo "1999"]
[PlyCount "55"]
[EventDate "2014.??.??"]
[WhiteTeam "Stuttgarter SF 1879"]
[BlackTeam "Heilbronner SV"]

1. d4 Nf6 2. c4 g6 3. Nc3 Bg7 4. e4 d6 5. f3 O-O 6. Nge2 e5 7. Bg5 h6 8. Be3
Nc6 9. d5 Ne7 10. Qd2 Kh7 11. g4 Ne8 12. Ng3 f5 13. exf5 gxf5 14. Bd3 Nf6 15.
h3 c6 16. gxf5 b5 17. dxc6 bxc4 18. Bxc4 d5 19. Bc5 dxc4 20. Qxd8 Rxd8 21. Bxe7
Rd3 22. Nge4 Ng8 23. f6 Nxe7 24. fxe7 Bf5 25. Rd1 Bg6 26. Rxd3 cxd3 27. Nd6 Bf6
28. c7 1-0

[Event "Int. Stuttgarter Stadtmeisterschaft A"]
[Site "Ditzingen"]
[Date "2014.05.29"]
[Round "2.22"]
[White "Eulering, Georg"]
[Black "Heeke, Guido"]
[Result "1/2-1/2"]
[WhiteElo "2143"]
[BlackElo "1907"]
[PlyCount "52"]
[EventDate "2014.??.??"]
[WhiteTeam "SF Schlebusch"]
[BlackTeam "SV Letmathe 1933 e.V."]

1. e4 e6 2. d4 d5 3. Nc3 Nf6 4. e5 Nfd7 5. f4 a6 6. Nf3 c5 7. Be3 Nc6 8. Qd2 b5
9. a3 Be7 10. Be2 Qb6 11. O-O cxd4 12. Nxd4 Nxd4 13. Bxd4 Bc5 14. Rad1 Bxd4+
15. Qxd4 Qxd4+ 16. Rxd4 Nb8 17. Na2 Bd7 18. c3 O-O 19. Rd2 Ra7 20. h4 Rb7 21.
Bf3 Rb6 22. g4 a5 23. g5 Nc6 24. Re1 Ne7 25. h5 Bc8 26. Be2 Bb7 1/2-1/2

[Event "Int. Stuttgarter Stadtmeisterschaft A"]
[Site "Ditzingen"]
[Date "2014.05.29"]
[Round "2.24"]
[White "Zikeli, Saskia"]
[Black "Santos, Paulo"]
[Result "1-0"]
[WhiteElo "2109"]
[BlackElo "1837"]
[PlyCount "91"]
[EventDate "2014.??.??"]
[WhiteTeam "SC Ingersheim e.V."]
[BlackTeam "SC Lechhausen"]

1. e4 e5 2. Nf3 Nc6 3. d4 exd4 4. Nxd4 Nf6 5. Nxc6 bxc6 6. e5 Nd5 7. c4 Nb6 8.
Bd3 d5 9. exd6 cxd6 10. O-O Be7 11. Qc2 Be6 12. Bf4 d5 13. cxd5 cxd5 14. Bb5+
Nd7 15. Nc3 O-O 16. Rad1 Nf6 17. Qa4 Qb6 18. Be3 Bc5 19. Bxc5 Qxc5 20. Qd4 Qxd4
21. Rxd4 Rab8 22. a4 Rfc8 23. h3 Rc5 24. Nd1 Rc1 25. b4 Ne4 26. Ne3 Rxf1+ 27.
Kxf1 Nf6 28. Bc6 Kf8 29. b5 Ke7 30. f4 g6 31. g4 Rd8 32. a5 Rd6 33. Ke2 Bd7 34.
g5 Ne4 35. Nxd5+ Rxd5 36. Bxd5 Nc3+ 37. Kd2 Nxb5 38. Re4+ Kd6 39. Bxf7 Bxh3 40.
Bg8 Bf5 41. Re5 a6 42. Bxh7 Nd4 43. Kc3 Nc6 44. Rxf5 gxf5 45. g6 Ke7 46. g7 1-0

[Event "Int. Stuttgarter Stadtmeisterschaft A"]
[Site "Ditzingen"]
[Date "2014.05.29"]
[Round "2.25"]
[White "Wohlfahrt, Michael"]
[Black "Wettengel, Alexander"]
[Result "0-1"]
[WhiteElo "1834"]
[BlackElo "2089"]
[PlyCount "46"]
[EventDate "2014.??.??"]
[WhiteTeam "TSF Welzheim"]
[BlackTeam "Stuttgarter SF 1879"]

1. e4 e5 2. Nf3 Nc6 3. Bc4 Nf6 4. Ng5 d5 5. exd5 Na5 6. Bb5+ c6 7. dxc6 bxc6 8.
Qf3 Bd7 9. Bd3 Bd6 10. Ne4 Nxe4 11. Bxe4 f5 12. Qd3 Qf6 13. Qa6 fxe4 14. Qxa5
Qg6 15. Rg1 O-O 16. Qc3 Bc7 17. d3 Bb6 18. Be3 Bxe3 19. fxe3 Qh6 20. Qc4+ Be6
21. Qxe4 Qxh2 22. Rf1 Qg3+ 23. Ke2 Bg4+ 0-1

[Event "Int. Stuttgarter Stadtmeisterschaft A"]
[Site "Ditzingen"]
[Date "2014.05.29"]
[Round "2.26"]
[White "Müller, Philipp"]
[Black "Paschmann, Stefan"]
[Result "1/2-1/2"]
[WhiteElo "2063"]
[BlackElo "1903"]
[PlyCount "101"]
[EventDate "2014.??.??"]
[WhiteTeam "SC Neckarsulm e.V."]
[BlackTeam "Krefelder SK Turm 1851 e"]

1. e4 c6 2. Nc3 d5 3. Nf3 Bg4 4. h3 Bxf3 5. Qxf3 dxe4 6. Nxe4 Nd7 7. d4 Ngf6 8.
Bd3 Nxe4 9. Qxe4 Nf6 10. Qh4 e6 11. O-O Be7 12. Re1 Qc7 13. Bg5 Nd5 14. c4 Bxg5
15. Qxg5 Nf4 16. Bf1 O-O 17. Rad1 Ng6 18. Bd3 Rad8 19. Be4 Rfe8 20. b3 Qb6 21.
Qe3 Rd7 22. Rd3 Red8 23. Red1 f5 24. Bf3 e5 25. c5 Qa5 26. dxe5 Rxd3 27. Rxd3
Rxd3 28. Qxd3 Qe1+ 29. Qf1 Qxe5 30. Qc4+ Kf8 31. Qb4 Qe7 32. Qc3 Nh4 33. Bd1
Qe4 34. Qg3 Qe1+ 35. Kh2 Qxd1 36. Qxh4 h6 37. Qf4 Qc2 38. Qb8+ Kf7 39. Qxb7+
Kg8 40. Qb8+ Kh7 41. b4 Qxf2 42. a4 f4 43. Qe5 a6 44. Qc3 Kg8 45. b5 axb5 46.
axb5 cxb5 47. c6 f3 48. Qxf3 Qc5 49. Qb3+ Kh7 50. Qe6 b4 51. h4 1/2-1/2

[Event "Int. Stuttgarter Stadtmeisterschaft A"]
[Site "Ditzingen"]
[Date "2014.05.29"]
[Round "2.27"]
[White "Unger, Franz"]
[Black "Pfeifer, Wilfried"]
[Result "1-0"]
[WhiteElo "1969"]
[BlackElo "2053"]
[PlyCount "115"]
[EventDate "2014.??.??"]
[WhiteTeam "SK Sachsenheim"]
[BlackTeam "TSF Ditzingen"]

1. e4 c6 2. Nc3 d5 3. Nf3 Bg4 4. h3 Bxf3 5. Qxf3 Nf6 6. e5 Nfd7 7. d4 e6 8. Ne2
c5 9. c3 Nc6 10. Qd3 Qb6 11. g3 Rc8 12. a3 Qb3 13. Qd1 Na5 14. Qxb3 Nxb3 15.
Rb1 Nb6 16. Be3 a6 17. Nf4 cxd4 18. cxd4 Be7 19. h4 Kd7 20. Be2 Nc4 21. Bd1
Nxe3 22. fxe3 Na5 23. Bg4 Kc6 24. Rh2 Kb6 25. Rf2 Rc7 26. Kd2 Rf8 27. Be2 Nb3+
28. Kd1 a5 29. Bd3 g6 30. a4 Bb4 31. Bc2 Nd2 32. Rxd2 Bxd2 33. Kxd2 Rc4 34. Nd3
f5 35. Nc5 Re8 36. b3 Rxc5 37. dxc5+ Kxc5 38. Kc3 Rc8 39. b4+ Kb6+ 40. Kd2 axb4
41. Rxb4+ Kc7 42. a5 Ra8 43. Rb5 Ra6 44. Rc5+ Kd8 45. Bd3 Ra8 46. Kc3 Ra7 47.
Kb4 Ra8 48. Kb5 Ra6 49. Bc2 Kd7 50. Bb3 Kd8 51. Ba4 Kd7 52. Kb4+ Kd8 53. Bb5
Ra8 54. Bd3 Kd7 55. Rb5 Kc7 56. Rb6 Re8 57. Bb5 Re7 58. Kc5 1-0

[Event "Int. Stuttgarter Stadtmeisterschaft A"]
[Site "Ditzingen"]
[Date "2014.05.29"]
[Round "2.28"]
[White "Sand, Rolf"]
[Black "Einwiller, Dieter"]
[Result "1-0"]
[WhiteElo "1946"]
[BlackElo "2146"]
[PlyCount "120"]
[EventDate "2014.??.??"]
[WhiteTeam "SV Tübingen 1870 e.V."]
[BlackTeam "SF Pfullingen"]

1. c4 e5 2. g3 g6 3. Bg2 Bg7 4. Nc3 Ne7 5. e4 d6 6. Nge2 Be6 7. d3 c6 8. Be3
O-O 9. O-O Na6 10. Qd2 d5 11. cxd5 cxd5 12. d4 dxe4 13. Bxe4 exd4 14. Nxd4 Bc8
15. Rfd1 Nc5 16. Bg2 a6 17. Rac1 Bg4 18. Nde2 Qxd2 19. Rxd2 Rac8 20. h3 Be6 21.
Nf4 b5 22. Ncd5 Nxd5 23. Bxd5 Na4 24. Rxc8 Bxc8 25. b3 Nc3 26. Bg2 Bf5 27. Nd5
Nxd5 28. Rxd5 Bc3 29. Rd6 Bc8 30. Bh6 Bg7 31. Bxg7 Kxg7 32. h4 h5 33. Bc6 f6
34. b4 Kf7 35. Kg2 Ke7 36. Rd3 Ke6 37. a4 bxa4 38. Bxa4 Ke5 39. Rd2 Bb7+ 40. f3
g5 41. Bc2 Bd5 42. Re2+ Kd6 43. Be4 Bc4 44. Rd2+ Ke5 45. Kf2 Rb8 46. Bg6 Rxb4
47. Bxh5 Bb5 48. Bf7 Bc6 49. h5 Rb7 50. Bg6 Bd5 51. Rxd5+ Ke6 52. Ra5 Rb2+ 53.
Kg1 Rb1+ 54. Kg2 Rb2+ 55. Kh3 Rf2 56. Kg4 Rh2 57. Rxa6+ Ke7 58. Be4 Rh1 59.
Ra7+ Kd6 60. Rh7 Rh2 1-0

[Event "Int. Stuttgarter Stadtmeisterschaft A"]
[Site "Ditzingen"]
[Date "2014.05.29"]
[Round "2.29"]
[White "Braun, Rüdiger-Thomas"]
[Black "Schwab, Matthias"]
[Result "0-1"]
[WhiteElo "1935"]
[BlackElo "2102"]
[PlyCount "68"]
[EventDate "2014.??.??"]
[WhiteTeam "SF Birkenfeld"]
[BlackTeam "SC Böblingen 1975 e.V."]

1. e4 d6 2. d4 Nf6 3. Bd3 e5 4. Ne2 Nc6 5. c3 Be7 6. Nd2 O-O 7. O-O d5 8. f4
dxe4 9. Nxe4 exd4 10. N2g3 dxc3 11. bxc3 Nd5 12. Rb1 Kh8 13. Qf3 f5 14. Ng5
Nxc3 15. Nxh7 Qd4+ 16. Kh1 Kxh7 17. Bb2 Kg8 18. Bc2 Be6 19. Bxc3 Qc5 20. Nh5 g6
21. Ng3 Bf6 22. Bb3 Bxb3 23. Rxb3 Bxc3 24. Rxc3 Qe7 25. Rb3 Rab8 26. Rfb1 Rfd8
27. Ne2 Rd2 28. Re3 Qd7 29. Nc3 Rd8 30. Qg3 Kg7 31. Rbe1 Rd3 32. Qf2 Rxe3 33.
Qxe3 Qd2 34. Nd5 Qxd5 0-1

[Event "Int. Stuttgarter Stadtmeisterschaft A"]
[Site "Ditzingen"]
[Date "2014.05.29"]
[Round "2.30"]
[White "Tsolakidis, Paschal"]
[Black "Marano, Salvatore"]
[Result "1-0"]
[WhiteElo "2097"]
[BlackElo "1943"]
[PlyCount "66"]
[EventDate "2014.??.??"]
[WhiteTeam "DJK Stuttgart-Süd"]

1. d4 g6 2. Nf3 Bg7 3. Bf4 d6 4. Nbd2 Nd7 5. e3 Ngf6 6. h3 O-O 7. Be2 b6 8. O-O
Bb7 9. a4 a6 10. Bh2 h6 11. c3 Nh7 12. Nc4 e6 13. Qc2 f5 14. Nfd2 e5 15. dxe5
dxe5 16. f4 e4 17. Rfd1 Qe7 18. Nf1 Kh8 19. b4 Rfd8 20. Rd2 Nhf8 21. Rad1 Nf6
22. Ne5 Kh7 23. g4 Rxd2 24. Qxd2 a5 25. b5 Nd5 26. c4 Nb4 27. gxf5 gxf5 28. Ng3
Bxe5 29. fxe5 Qxe5 30. Rf1 Ne6 31. Qd7+ Ng7 32. Nh5 Qc3 33. Bf4 Rf8 {Rest
unleserlich} 1-0